आर्य समाज का इतिहास / (Record no. 122358)
[ view plain ]
| 000 -LEADER | |
|---|---|
| fixed length control field | 01475nam a2200253 4500 |
| 010 ## - LIBRARY OF CONGRESS CONTROL NUMBER | |
| LC control number | A-419297 |
| 035 ## - SYSTEM CONTROL NUMBER | |
| System control number | A-419297 |
| 037 ## - SOURCE OF ACQUISITION | |
| Source of stock number/acquisition | Cen Lib / Ret |
| 040 ## - CATALOGING SOURCE | |
| Original cataloging agency | DPL |
| Language of cataloging | HN |
| 082 ## - DEWEY DECIMAL CLASSIFICATION NUMBER | |
| Classification number | 238.09 |
| Item number | सत्यके |
| 100 ## - MAIN ENTRY--PERSONAL NAME | |
| Personal name | सत्यकेतु विध्यालंकार |
| 245 ## - TITLE STATEMENT | |
| Title | आर्य समाज का इतिहास / |
| Statement of responsibility, etc | सत्यकेतु विध्यालंकार |
| 246 ## - VARYING FORM OF TITLE | |
| Title proper/short title | Aryasamaj ka itihas : swarjya sangras mein Aryasamaj ka yogdaan 1926-47 / |
| Remainder of title | by Satketu Vidyalankar |
| 260 ## - PUBLICATION, DISTRIBUTION, ETC. (IMPRINT) | |
| Place of publication, distribution, etc | नई दिल्ली |
| Name of publisher, distributor, etc | आर्य स्वाध्याय केन्द्र |
| Date of publication, distribution, etc | 1987 |
| 270 ## - ADDRESS | |
| Address | ए-१/३२ सफदरजंग एन्क्लेव |
| City | नई दिल्ली |
| 300 ## - PHYSICAL DESCRIPTION | |
| Extent | (v 4. 735 ; v 6. 640p) |
| Other physical details | 24cm(Hb) |
| 505 ## - FORMATTED CONTENTS NOTE | |
| Formatted contents note | v 1. 1875-1918 ; v 4. आर्य समाज और राजनीती v 6. स्वराज्य संघर्ष में आर्य समाज का योगदान 1926-47 |
| 650 ## - SUBJECT ADDED ENTRY--TOPICAL TERM | |
| Topical term or geographic name as entry element | India -- Politics and government -- 1857-1919. |
| 650 ## - SUBJECT ADDED ENTRY--TOPICAL TERM | |
| Topical term or geographic name as entry element | भारतीय - राजनीति और सरकार - 1857-1919। |
| 650 ## - SUBJECT ADDED ENTRY--TOPICAL TERM | |
| Topical term or geographic name as entry element | India -- Politics and government -- 1919-1947. |
| 650 ## - SUBJECT ADDED ENTRY--TOPICAL TERM | |
| Topical term or geographic name as entry element | Arya-Samaj -- Political activity -- History. |
| 650 ## - SUBJECT ADDED ENTRY--TOPICAL TERM | |
| Topical term or geographic name as entry element | आर्य-समाज - राजनीतिक गतिविधि - इतिहास |
| 942 ## - ADDED ENTRY ELEMENTS (KOHA) | |
| Source of classification or shelving scheme | Dewey Decimal Classification |
| Koha item type | English Books |
| Classification part | 238.09 |
| Call number suffix | सत्यके |
| Withdrawn status | Lost status | Source of classification or shelving scheme | Damaged status | Not for loan | Home library | Current library | Date acquired | Source of acquisition | Total Checkouts | Full call number | Barcode | Date last seen | Copy number | Price effective from | Koha item type | Materials specified (bound volume or other part) | Cost, normal purchase price | Cost, replacement price |
|---|---|---|---|---|---|---|---|---|---|---|---|---|---|---|---|---|---|---|
| Dewey Decimal Classification | Central Library | Central Library | 19/03/2016 | Cen Lib/Ret | 238.09 सत्यके | A-419297 | 19/03/2016 | 1 | 19/03/2016 | Hindi Books | ||||||||
| Dewey Decimal Classification | Central Library | Central Library | 19/03/2016 | Cen Lib/Ret | 238.09 सत्यके | A-244732 | 19/03/2016 | 1 | 19/03/2016 | Hindi Books | v 4 | 125.00 | 125.00 |
